|
|
|
|
| LEADER |
00000nam a22000007a 4500 |
| 005 |
20170314211723.0 |
| 007 |
cr|||| |||| |
| 008 |
170314s2016 br |||||s|||| 00||0 por d |
| 020 |
|
|
|a 978-85-361-9078-5
|
| 035 |
|
|
|a 14872
|
| 040 |
|
|
|a vLex
|
| 090 |
|
|
|c 6609
|d 6609
|
| 100 |
1 |
|
|a Siqueira, Érika
|
| 245 |
1 |
0 |
|a Estratǧias de sucesso para a advocacia
|h [Recurso electrn̤ico] /
|c Érika Siqueira
|
| 256 |
|
|
|a Servicio en ln̕ea
|
| 260 |
|
|
|a San Pablo:
|b LTR,
|c 2016
|
| 300 |
|
|
|a 1 recurso electrn̤ico (120 p.)
|
| 506 |
1 |
|
|a Disponible solo en los productos indicados
|d vLex Global
|d vLex Global (Academic Edition, excluding Law Schools)
|d vLex Global (U.S. Academic Edition, Law Schools)
|d vLex Global (U.S. Academic Edition, excluding Law Schools)
|d vLex Global (Academic Edition, Law Schools)
|
| 650 |
0 |
4 |
|a Abogados
|z Brasil
|
| 740 |
0 |
|
|a vLex Libros (Servicio en ln̕ea)
|
| 856 |
4 |
0 |
|u http://vlex.com/source/estrategias-sucesso-advocacia-14872
|z Acceso restringido
|
| 942 |
|
|
|c BOOK
|
| 999 |
0 |
|
|a Lawyers
|